Qué es la Ilustración?: y otros escritos de ética, política y filosofía de la historia

Guardat en:
Dades bibliogràfiques
Format: Llibre
Idioma:espanyol
Publicat: Madrid Alianza S. A 2013
Edició:1a. ed
Col·lecció:El Libro de Bolsillo, F20
Matèries:
Etiquetes: Afegir etiqueta
Sense etiquetes, Sigues el primer a etiquetar aquest registre!

MARC

LEADER 00000cam a2200000 a 4500
001 UCE8913
003 CL-VaPUC
005 20210427001540.0
008 150911e20130000sp |||||||||||||||||spa|d
999 |c 360675  |d 360673 
020 |a 9788420678733 
040 |c Pontificia Universidad Católica de Valparaíso 
082 0 4 |a 193  |b KAN  |2 21 
245 1 0 |a Qué es la Ilustración?: y otros escritos de ética, política y filosofía de la historia 
250 |a 1a. ed 
260 |a Madrid  |b Alianza S. A  |c 2013 
300 |a 290 p 
490 0 |a El Libro de Bolsillo, F20 
583 |a last modification  |c 20150911 12:29:00  |k Rodrigo Vera 
650 0 |a Filosofía alemana   |9 265002 
650 7 |a FILOSOFOS ALEMANES  |2 CL-VaPUC  |9 581647 
852 |a BIBCUR 
942 |c BK  |2 ddc 
945 |d 20150911 12:29:00  |a dcastane 
952 |0 0  |1 0  |3 erb  |4 0  |6 193_000000000000000_KAN_2013  |7 0  |8 A  |9 470562  |a BIBEDU  |b BIBEDU  |i 5198062  |l 5  |o 193 KAN 2013  |p 5198062  |r 2023-05-26  |s 2023-05-24  |w 2019-11-23  |y BK  |z Catalogado en:20150911  |k FIL